Ciudades en cuadrados en un mapa de España - Estadísticas

Estadísticas generales
  • Esta prueba ha sido intentada 5.766 veces
    5.758 desde el último reinicio
  • La puntuación promedio es 36 de 56
Respuestas en el mapa
Las respuestas están codificadas por una escala verde-roja en el mapa de la prueba según el % correcto abajo.
 
Estadísticas de respuestas
Ciudad % Correcto
Barcelona
95%
Madrid
95%
Sevilla
92%
Valencia
91%
Palma de Mallorca
89%
Málaga
88%
Bilbao
86%
Murcia
86%
Zaragoza
85%
Gerona
84%
Granada
83%
La Coruña
83%
Badajoz
82%
León
82%
Toledo
82%
Alicante
81%
Cáceres
81%
Huelva
81%
Castellón de la Plana
80%
Lugo
80%
Oviedo
79%
Almería
78%
Córdoba
78%
Santander
78%
Salamanca
77%
Valladolid
77%
Albacete
76%
Burgos
76%
Orense
76%
Pamplona
76%
Vigo
76%
Ciudad Real
73%
Cuenca
72%
Teruel
72%
Gijón
71%
Ibiza
71%
Ávila
68%
Soria
68%
Lérida
67%
Las Palmas de Gran Canaria
65%
Santa Cruz de Tenerife
64%
Vitoria
59%
Cartagena
58%
Jerez de la Frontera
54%
Ponferrada
38%
Plasencia
26%
Badalona
24%
Ciudadela
24%
Talavera de la Reina
22%
Arrecife
21%
Aranda de Duero
16%
Vélez-Málaga
14%
Almendralejo
13%
Puerto del Rosario
10%
Santa Eulalia del Río
7%
Tomelloso
7%
No se encontraron pruebas coincidentes
Distribución de puntuación
Porcentaje de gente con cada puntuación
Porcentaje por número respondido
Historial de tus puntuaciones
No has intentado esta prueba desde el último reinicio